[Event "Cesme op-A 11th"]
[Site "Izmir"]
[Date "2025.06.24"]
[Round "3"]
[White "Golshaani, Taha"]
[Black "Huseyinoglu, Alihan"]
[Result "1/2-1/2"]
[WhiteElo "2142"]
[BlackElo "2316"]
[PlyCount "143"]
[EventDate "2025.06.23"]
[EventType "swiss"]
[EventRounds "9"]
[EventCountry "TUR"]
[SourceTitle "CB27_2025"]
[SourceDate "2025.07.02"]
[SourceVersion "1"]
[SourceVersionDate "2025.07.02"]
[SourceQuality "1"]

1. Nf3 Nf6 2. g3 g6 3. Bg2 Bg7 4. 0-0 0-0 5. c4 d6 6. d4 c6 7. Nc3 Qb6 8. h3 Qa6 9. b3 b5 10. cxb5 cxb5 11. Bg5 Bb7 12. a3 h6 13. Bxf6 Bxf6 14. e4 Nd7 15. Re1 Rac8 16. Qd2 e5 17. Bf1 exd4 18. Nxd4 Qb6 19. Nde2 Nc5 20. Rab1 Nxe4 21. Nxe4 Bxe4 22. Rbc1 Kg7 23. Nf4 Rxc1 24. Rxc1 a6 25. Bg2 Bxg2 26. Kxg2 Re8 27. Nd5 Qd4 28. Qxd4 Bxd4 29. Rd1 Bb2 30. a4 bxa4 31. bxa4 Re4 32. Rb1 Ba3 33. a5 Ra4 34. Nc7 Bc5 35. Nxa6 Rxa5 36. Nxc5 dxc5 37. Rb6 Kf8 38. Rb7 Kg7 39. Rb6 Ra2 40. Rc6 Rc2 41. h4 h5 42. Kf3 Rc4 43. Ke3 Kf8 44. Rc7 Ke8 45. Kf3 Rc3+ 46. Kf4 Rc2 47. Ke3 c4 48. Kf3 Rc3+ 49. Kf4 Kf8 50. Ke4 Kg7 51. Rc6 Rc1 52. Ke3 Rc2 53. Kf3 Rc3+ 54. Ke4 Rc2 55. Ke3 c3 56. Kf3 Rc1 57. Ke2 c2 58. Kf3 Kf8 59. Rc7 Ke8 60. Kg2 Kd8 61. Rc3 Kd7 62. Rc4 Kd6 63. Rc8 f6 64. Rc3 Kd5 65. Rc8 Ke4 66. Re8+ Kf5 67. Rc8 g5 68. hxg5 Kxg5 69. Rc5+ Kg6 70. Kf3 Kf7 71. Rc6 Ke7 72. Rc8 1/2-1/2

[Event "Mersin op 8th"]
[Site "Mersin"]
[Date "2024.11.16"]
[Round "9"]
[White "Uzdemir, Ali Poyraz"]
[Black "Golshaani, Taha"]
[Result "1-0"]
[WhiteElo "2081"]
[BlackElo "2026"]
[PlyCount "69"]
[EventDate "2024.11.10"]
[EventType "swiss"]
[EventRounds "9"]
[EventCountry "TUR"]
[SourceTitle "CB47_2024"]
[SourceDate "2024.11.20"]
[SourceVersion "1"]
[SourceVersionDate "2024.11.20"]
[SourceQuality "1"]

1. e4 c6 2. d4 d5 3. Nc3 dxe4 4. Nxe4 Nf6 5. Nxf6+ exf6 6. c3 Bd6 7. Bd3 Na6 8. Ne2 Nc7 9. 0-0 0-0 10. Qc2 g6 11. c4 Re8 12. Be3 Ne6 13. Rad1 Qc7 14. f4 Ng7 15. Qd2 Bg4 16. Rde1 Nh5 17. c5 Bf8 18. f5 Qd7 19. Nf4 Ng7 20. fxg6 hxg6 21. Bc4 Bf5 22. h4 Be4 23. h5 g5 24. Ng6 Nxh5 25. Nxf8 Rxf8 26. Bxg5 Bg6 27. Bxf6 Nxf6 28. Rxf6 Kg7 29. Qf4 Rae8 30. Re5 Qd8 31. Rd6 Qc7 32. Qf6+ Kh7 33. Rh5+ Bxh5 34. Qh6+ Kg8 35. Qg5+ 1-0

[Event "Ankara Baskent Univ op 7th"]
[Site "Ankara"]
[Date "2024.07.07"]
[Round "7"]
[White "Atanejhad, Sahebali"]
[Black "Golshaani, Taha"]
[Result "1/2-1/2"]
[WhiteElo "2018"]
[BlackElo "2072"]
[PlyCount "193"]
[EventDate "2024.07.03"]
[EventType "swiss"]
[EventRounds "9"]
[EventCountry "TUR"]
[SourceTitle "CBM 221 Extra"]
[Source "ChessBase"]
[SourceDate "2024.09.30"]
[SourceVersion "1"]
[SourceVersionDate "2024.09.30"]
[SourceQuality "1"]

1. d4 Nf6 2. c4 g6 3. Nc3 d5 4. e3 Bg7 5. Nf3 0-0 6. cxd5 Nxd5 7. Bc4 Nb6 8. Bb5 c5 9. dxc5 N6d7 10. 0-0 Nxc5 11. Qe2 Nc6 12. Rd1 Bd7 13. Qc4 Ne6 14. Bxc6 bxc6 15. b3 Nc7 16. Bb2 Qe8 17. Na4 Be6 18. Qc5 f6 19. Nd4 Bd5 20. Rac1 Rf7 21. Nxc6 e6 22. Nb4 Bf8 23. Qa5 Rb8 24. Rxc7 Bxb4 25. Qxa7 Ra8 26. Rxf7 Rxa7 27. Rxa7 Qb8 28. Ra6 Qb5 29. Ra7 Qe2 30. Rf1 Bd6 31. h3 Bh2+ 32. Kxh2 Qxf1 33. f3 Qf2 34. Kh1 Qe1+ 35. Kh2 Qxe3 36. Rd7 Qf2 37. Kh1 Bc6 38. Rd8+ Kf7 39. Bd4 Qxa2 40. Nc5 e5 41. Bg1 Bb5 42. Rd1 g5 43. Re1 h5 44. Ne4 Qxb3 45. Nd6+ Ke6 46. Nxb5 Qxb5 47. Bh2 Qb4 48. Bg3 Qd2 49. Kg1 Qd4+ 50. Kf1 g4 51. hxg4 hxg4 52. Re4 Qd1+ 53. Kf2 gxf3 54. gxf3 Kf5 55. Kg2 Qd2+ 56. Kf1 Qa2 57. Kg1 Kg6 58. Kf1 Qd2 59. Kg1 Kg5 60. Rg4+ Kh6 61. Re4 Kg7 62. Kf1 Kf7 63. Kg1 Ke6 64. Kf1 Kd5 65. Kg1 Qg5 66. Kf2 Qh6 67. Kg2 Qh7 68. Bh2 Qg6+ 69. Bg3 f5 70. Rxe5+ Kd4 71. f4 Qg4 72. Kf2 Qd1 73. Kg2 Qg4 74. Kf2 Qh3 75. Kf3 Kd3 76. Kf2 Kd4 77. Kf3 Kd3 78. Re3+ Kd2 79. Re2+ Kd1 80. Re1+ Kc2 81. Re2+ Kc3 82. Re3+ Kc4 83. Kf2 Kd4 84. Re5 Kc4 85. Re3 Qh1 86. Re5 Qb1 87. Kg2 Qd1 88. Kf2 Qd7 89. Kf3 Qb7+ 90. Kf2 Qb6+ 91. Kg2 Qb2+ 92. Bf2 Qb7+ 93. Kh2 Qf3 94. Bg3 Kd3 95. Re1 Kd2 96. Re5 Kd3 97. Re1 1/2-1/2

[Event "Ankara Baskent Univ op 7th"]
[Site "Ankara"]
[Date "2024.07.04"]
[Round "2"]
[White "Golshaani, Taha"]
[Black "Ozalp, Burak"]
[Result "0-1"]
[WhiteElo "2072"]
[BlackElo "2127"]
[PlyCount "86"]
[EventDate "2024.07.03"]
[EventType "swiss"]
[EventRounds "9"]
[EventCountry "TUR"]
[SourceTitle "CBM 221 Extra"]
[Source "ChessBase"]
[SourceDate "2024.09.30"]
[SourceVersion "1"]
[SourceVersionDate "2024.09.30"]
[SourceQuality "1"]

1. Nf3 d5 2. c4 d4 3. b4 g6 4. g3 Bg7 5. d3 e5 6. Bg2 Ne7 7. 0-0 0-0 8. a4 Nd7 9. a5 Rb8 10. Ba3 c5 11. Nbd2 Nc6 12. bxc5 Qxa5 13. Qb1 Rd8 14. Nb3 Qc7 15. Ng5 Nf6 16. Nd2 Bg4 17. Bf3 Bxf3 18. exf3 Qd7 19. Kg2 h5 20. h4 Bh6 21. Re1 Bxg5 22. hxg5 Nh7 23. Ne4 Qf5 24. Bc1 Kg7 25. Qc2 Rd7 26. Nd6 Rxd6 27. cxd6 Nb4 28. Qe2 Nxd3 29. Rd1 Nxc1 30. Raxc1 Nxg5 31. Re1 Qh3+ 32. Kg1 f6 33. d7 h4 34. f4 hxg3 35. f3 Rh8 36. Qg2 Nxf3+ 37. Qxf3 Qh2+ 38. Kf1 Qd2 39. Qe2 Rh1+ 40. Kg2 Rh2+ 41. Kf1 Rf2+ 42. Kg1 Rxe2 43. Rxe2 Qxe2 0-1

[Event "IRI-ch Online"]
[Site "Chess.com INT"]
[Date "2021.03.18"]
[Round "10"]
[White "Movahedi, Yashar"]
[Black "Golshaani, Taha"]
[Result "0-1"]
[WhiteElo "1808"]
[BlackElo "1421"]
[PlyCount "54"]
[EventDate "2021.03.15"]
[EventType "swiss (rapid)"]
[EventRounds "11"]
[EventCountry "IRI"]
[SourceTitle "CBM 201 Extra"]
[Source "ChessBase"]
[SourceDate "2021.05.31"]
[SourceVersion "1"]
[SourceVersionDate "2021.05.31"]
[SourceQuality "1"]

1. e4 c5 2. Nf3 g6 3. d4 cxd4 4. Nxd4 Bg7 5. c4 Nc6 6. Be3 Nf6 7. Nc3 Ng4 8. Qxg4 Nxd4 9. Qd1 e5 10. Bd3 0-0 11. 0-0 d6 12. Rc1 Be6 13. b3 Rc8 14. Qd2 f5 15. f3 Qb6 16. Na4 Qd8 17. c5 d5 18. exf5 Nxf5 19. Bg5 Qd7 20. Qa5 h6 21. Bd2 e4 22. Bb5 Qe7 23. c6 Bd4+ 24. Kh1 Ng3+ 25. hxg3 Rf5 26. Bg5 Qxg5 27. g4 Qh4# 0-1